Secuencias prácticas de peritajes judiciales /
Guardado en:
| Autor Principal: | |
|---|---|
| Formato: | Libro |
| Idioma: | Spanish |
| Publicado: |
Buenos Aires :
Depalma,
1991.
|
| Etiquetas: |
Agregar Etiqueta
Sin Etiquetas, Sea el primero en etiquetar este registro!
|
| LEADER | 00501nam a22001575a 4500 | ||
|---|---|---|---|
| 001 | EAD.bibadm000430 | ||
| 003 | AR-BaBDC | ||
| 005 | 20100211094135.0 | ||
| 008 | 080718s1991####ag############000#0#spa#d | ||
| 245 | 1 | 0 | |a Secuencias prácticas de peritajes judiciales / |c Silvia G. Rabinovich de Landau. |
| 260 | |a Buenos Aires : |b Depalma, |c 1991. | ||
| 300 | |a 236 p. | ||
| 020 | |a 9501406148 | ||
| 100 | 1 | |a Rabinovich de Landau, Silvia G. | |
| 082 | 0 | 4 | |a 345.31 |
| 859 | |a AR-BaBDC |b BIB. ADMINISTRACION - Libros |h 345.31 |i R118 |p b03093 | ||
